000 00913nam a2200301 a 4500
001 000007137
003 DO-SdBNP
005 20240313120201.0
007 000007137
008 090717s2013 mx 001 0 spa d
020 _z9786071617750
040 _aBPMSU
_bspa
_cBPMSU
082 4 _aN863.08
_bR173c 2013
_222
100 1 _aRamírez, Sergio
245 1 0 _aCuentos completos /
_cSergio Ramírez.
246 1 3 _aPuertos abierto
260 _aMéxico :
_bFondo de Cultura Económica,
_c2011
_b
300 _a 492 p. ;
_c23 cm.
_b
490 0 _aTierra firme
500 _aIncluye datos biográficos del autor en la contracubierta
590 _aInventariado, 2024/VM
650 4 _aCuentos Nicaraguenses
_v
650 4 _aMujeres
_vCuentos.
650 4 _aVida cotidiana.
_vCuentos.
710 2 _aFondo de Cultura Económica (México)
910 _aVMateo V. Control de calidad BPMSU
942 _2ddc
_cBK
999 _c14590
_d14590